[Event "World Amateur-ch U1700"]
[Site "Cagliari"]
[Date "2018.04.27"]
[Round "7"]
[White "Aprile, Matteo"]
[Black "Alipbek, Marat"]
[Result "0-1"]
[WhiteElo "1215"]
[BlackElo "1518"]
[PlyCount "128"]
[EventDate "2018.04.22"]
[EventType "swiss"]
[EventRounds "9"]
[EventCountry "ITA"]
[SourceTitle "CBM 184 Extra"]
[Source "ChessBase"]
[SourceDate "2018.06.28"]
[SourceVersion "1"]
[SourceVersionDate "2018.06.28"]
[SourceQuality "1"]

1. d4 d5 2. Nf3 e6 3. e3 Nf6 4. c4 c5 5. cxd5 exd5 6. b3 Nc6 7. Bb2 Bd6 8. Nc3 0-0 9. h3 cxd4 10. Nxd4 Re8 11. Be2 Nxd4 12. Qxd4 Be5 13. Qd3 Be6 14. 0-0 a6 15. Rfd1 Qe7 16. Qc2 Rac8 17. Bf3 Red8 18. Rac1 g6 19. Qe2 b5 20. Nxd5 Bxd5 21. Rxc8 Rxc8 22. Bxd5 Rc7 23. Bf3 Bxb2 24. Qxb2 b4 25. Rd2 Rc3 26. Rc2 Qc7 27. Bd1 Qc5 28. Kf1 Ne4 29. Rxc3 bxc3 30. Qc2 Nf6 31. Be2 Nd5 32. Bc4 Nb4 33. Qxc3 Qd6 34. Qd4 Qe7 35. Qf4 Nxa2 36. Bxa6 Nb4 37. Bc4 Nc6 38. Qf3 Ne5 39. Qa8+ Kg7 40. Qe4 Qc7 41. Qd4 Kg8 42. Qd5 Nc6 43. Qc5 Qd7 44. Ke2 Ne7 45. b4 Nf5 46. Qd5 Qc7 47. e4 Nd6 48. Qc5 Qd7 49. Bd5 Nb5 50. Bc6 Nd4+ 51. Ke3 Nxc6 52. Qd5 Qxd5 53. exd5 Nxb4 54. Kd4 Kf8 55. Kc5 Nd3+ 56. Kd6 Ke8 57. f3 Kd8 58. Kc6 Ne1 59. Kd6 Nxg2 60. Ke5 f5 61. Kf6 Nf4 62. Kg5 Nxh3+ 63. Kh6 Nf4 64. Kxh7 g5 0-1

[Event "World Amateur-ch U1700"]
[Site "Cagliari"]
[Date "2018.04.24"]
[Round "4"]
[White "Cosmin Preda, Iulian"]
[Black "Aprile, Matteo"]
[Result "1-0"]
[WhiteElo "1577"]
[BlackElo "1215"]
[PlyCount "87"]
[EventDate "2018.04.22"]
[EventType "swiss"]
[EventRounds "9"]
[EventCountry "ITA"]
[SourceTitle "CBM 184 Extra"]
[Source "ChessBase"]
[SourceDate "2018.06.28"]
[SourceVersion "1"]
[SourceVersionDate "2018.06.28"]
[SourceQuality "1"]

1. e4 d5 2. e5 d4 3. Nf3 c5 4. h3 a6 5. c3 Nc6 6. Bd3 Qc7 7. Qe2 g6 8. 0-0 Bg7 9. Re1 b5 10. Be4 Bb7 11. Bxc6+ Qxc6 12. cxd4 cxd4 13. d3 Bh6 14. Bxh6 Nxh6 15. Nbd2 Nf5 16. Rac1 Qd5 17. Qe4 Qd7 18. Qe2 0-0 19. Nb3 Rac8 20. Nc5 Qd5 21. Nxb7 Rxc1 22. Rxc1 Qxb7 23. Qe4 Qd7 24. g4 Ng7 25. Qxd4 Qxd4 26. Nxd4 Rd8 27. Nb3 Ne6 28. Rd1 Rd5 29. d4 Kg7 30. f3 g5 31. Kh2 Nf4 32. Rd2 f6 33. exf6+ exf6 34. Kg3 Ne6 35. h4 gxh4+ 36. Kxh4 Kg6 37. Kg3 Kg5 38. Rh2 Kg6 39. Rd2 Kg5 40. Rd3 Nf4 41. Re3 h6 42. Re7 Rd6 43. Rg7+ Ng6 44. f4# 1-0

[Event "World Amateur-ch U1700"]
[Site "Cagliari"]
[Date "2018.04.22"]
[Round "1"]
[White "Aprile, Matteo"]
[Black "Ardu, Luigi"]
[Result "1-0"]
[WhiteElo "1215"]
[BlackElo "1599"]
[PlyCount "105"]
[EventDate "2018.04.22"]
[EventType "swiss"]
[EventRounds "9"]
[EventCountry "ITA"]
[SourceTitle "CBM 184 Extra"]
[Source "ChessBase"]
[SourceDate "2018.06.28"]
[SourceVersion "1"]
[SourceVersionDate "2018.06.28"]
[SourceQuality "1"]

1. d4 Nf6 2. Nf3 e6 3. e3 c5 4. c3 cxd4 5. cxd4 d5 6. Bd3 Qa5+ 7. Bd2 Bb4 8. Nc3 Nc6 9. a3 Bd6 10. Nb5 Qd8 11. Nxd6+ Qxd6 12. 0-0 0-0 13. Bb5 Ng4 14. h3 Nh6 15. Rc1 Re8 16. Re1 a6 17. Bxc6 bxc6 18. Qc2 Bd7 19. b4 Qe7 20. Ne5 Rec8 21. e4 f6 22. Nxd7 Qxd7 23. Bxh6 gxh6 24. Qd2 Qg7 25. Rc3 Kh8 26. Rg3 Qf8 27. Qd3 dxe4 28. Rxe4 a5 29. bxa5 c5 30. dxc5 Rxc5 31. Reg4 Rg5 32. Qe3 Qe7 33. h4 Rxg4 34. Rxg4 h5 35. Ra4 Rd8 36. Rd4 Kg8 37. Rxd8+ Qxd8 38. Qxe6+ Kg7 39. Qe1 Qd6 40. Qb4 Qd1+ 41. Kh2 Qe2 42. Qb8 Qxf2 43. Qg3+ Qxg3+ 44. Kxg3 Kg6 45. a6 Kf5 46. a7 h6 47. a8Q Kg6 48. Qe8+ Kg7 49. Qxh5 f5 50. Qxf5 h5 51. Qe6 Kf8 52. Qd7 Kg8 53. a4 1-0